000 00763nam a2200265 i 4500
001 53079
003 ES-MaACL
005 20240412063005.0
007 t|
008 031007s2001 sp ||||0| spa j
020 _a84-7223-530-6
040 _aM-BN
_bspa
_cM-BN
080 _a821.111(73)-7"19"
100 0 _aAllen, Woody,
_d1935-
_920005
245 1 0 _aSin plumas /
_cWoody Allen ; [traducción de José Luis Guarner].
250 _a3ª ed. en Fábula.
260 _aBarcelona :
_bTusquets,
_c2001.
300 _a177 p ;
_c20 cm.
490 1 _aFábula ;
_v78
700 1 _aGuarner, José Luis.
_960339
830 0 _aFábula ;
_v78
_9179737
852 _aES-MaACL
_jL-26494
_bR.131767
999 _c53079
_d53079